Seguridad social : (Registro nro. 30651)

Detalles MARC
000 -LEADER
fixed length control field 03300nam a2200301Ia 4500
003 - CONTROL NUMBER IDENTIFIER
control field CO-CtgCURN
005 - DATE AND TIME OF LATEST TRANSACTION
control field 20250410162918.0
008 - FIXED-LENGTH DATA ELEMENTS--GENERAL INFORMATION
fixed length control field 191207s2014 xx f 000 0 spa d
020 ## - INTERNATIONAL STANDARD BOOK NUMBER
International Standard Book Number 9789587493641
040 ## - CATALOGING SOURCE
Original cataloging agency CO-CtgCURN
Language of cataloging spa
Transcribing agency coctgcurn
082 ## - DEWEY DECIMAL CLASSIFICATION NUMBER
Classification number 344.02
Item number S456
245 #0 - TITLE STATEMENT
Title Seguridad social :
Remainder of title temas selectos /
Statement of responsibility, etc. compiladores., Diana María Gómez Hoyos;Fabián Ignacio Hernández Henríquez
260 ## - PUBLICATION, DISTRIBUTION, ETC.
Place of publication, distribution, etc. Bogotá, Colombia :
Name of publisher, distributor, etc. Grupo Editorial Ibañez,
Date of publication, distribution, etc. 2014
300 ## - PHYSICAL DESCRIPTION
Extent 508 páginas ;
Dimensions 23 centímetros
504 ## - BIBLIOGRAPHY, ETC. NOTE
Bibliography, etc. note Incluye referencias bibliógráficas
505 ## - FORMATTED CONTENTS NOTE
Formatted contents note Historia de la seguridad social. -- Temas de reflexión sobre el futuro de la seguridad social -- Pisos de protección social para la justicia social y una globalización equitativa --. Salud: la salud en Colombia: entre avances, retrocesos, estancamientos y reformas. -- Panorama de salud en Colombia desde la Ley 100 hasta la fallida emergencia económica: antecedentes para una reforma.-- Los prestadores de servicios de salud. Reconocimiento y pago de incapacidades de origen común o enfermedad general. -- Pensiones: Estado Social de Derecho y pensiones: un debate a reformular.-- La edad de pensión: dos visiones, un solo principio. -- El régimen de transición pensional. -- El régimen de ahorro individual con solidaridad. -- Inconsistencias del sistema general de pensiones. -- Pensiones especiales por actividades de alto riesgo. -- La convivencia en la perspectiva de la pensión de sobrevivientes. -- La pensión de jubilación proporcional: del Código Laboral al sistema de seguridad social y la especial regulación de la pensión del presidente. -- Bonos pensionales. -- Pensión de invalidez en caso de personas que padecen enfermedades congénitas, crónicas o degenerativas. -- Riesgos laborales: Salud y vida de los trabajadores en la normativa colombiana. -- La culpa del empleador en el accidente laboral, en palabras de la Corte Suprema de Justicia. -- Desempleo: La protección social de la contingencia de desempleo.
520 ## - SUMMARY, ETC.
Summary, etc. Cumpliendo con uno de los objetivos que me tracé en el planteamiento del programa de la gobernación 2013-2014 del Colegio de Abogados Especializados en Derecho del Trabajo y de la Seguridad Social de Colombia y que sometí a consideración de los miembros de la agremiación, presento a la comunidad con gran satisfacción esta obra jurídica titulada "Seguridad Social, temas selectos", que bajo la coordinación de nuestro colegiado Fabián Ignacio Hernández Henríquez y con el aporte académico de varios colegiados y otros abogados no colegiados, ha dado como resultado 19 atrayentes artículos sobre cuestiones seleccionadas respecto a generalidades de la seguridad social, pensiones, salud, riesgos laborales y desempleo.
521 ## - TARGET AUDIENCE NOTE
Target audience note AREA PROFESIONAL
590 ## - LOCAL NOTE (RLIN)
Local note Programa de Derecho_18
650 ## - SUBJECT ADDED ENTRY--TOPICAL TERM
Topical term or geographic name entry element Pensiones
9 (RLIN) 2855
650 ## - SUBJECT ADDED ENTRY--TOPICAL TERM
Topical term or geographic name entry element Protección social
9 (RLIN) 2856
650 ## - SUBJECT ADDED ENTRY--TOPICAL TERM
Topical term or geographic name entry element Seguridad social
9 (RLIN) 2857
700 ## - ADDED ENTRY--PERSONAL NAME
Personal name Gómez Hoyos, Diana María
Relator term compiladora
9 (RLIN) 2858
700 ## - ADDED ENTRY--PERSONAL NAME
Personal name Hernández Henríquez, Fabián Ignacio
Relator term compilador
9 (RLIN) 2859
942 ## - ADDED ENTRY ELEMENTS (KOHA)
Koha item type Libros
Classification part 344.02
Item part S456
Source of classification or shelving scheme Dewey Decimal Classification
Koha issues (borrowed), all copies 1
Suppress in OPAC No
Existencias
Withdrawn status Lost status Source of classification or shelving scheme Damaged status Not for loan Collection Home library Current library Shelving location Date acquired Source of acquisition Cost, normal purchase price Inventory number Total checkouts Full call number Barcode Date last seen Date last checked out Copy number Price effective from Koha item type Public note
    Dewey Decimal Classification       Miguel Henríquez Castañeda Barranquilla Miguel Henríquez Castañeda Barranquilla General 12/05/2019 Compra OC-09-043-19 80000.00 04797 1 344.02 S456 04797 02/23/2026 02/04/2026 ej.1 12/07/2019 Libros Compra OC-09-043-19 IIP 2019
    Dewey Decimal Classification       Miguel Henríquez Castañeda Barranquilla Miguel Henríquez Castañeda Barranquilla General 12/05/2019 Compra OC-09-043-19 80000.00 04798 2 344.02 S456 04798 02/13/2025 02/13/2025 ej.2 12/07/2019 Libros Compra OC-09-043-19 IIP 2019